000
00322nam a2200133Ia 4500
008
200615s9999||||xx |||||||||||||| ||und||
020
_a
8174091203
082
_a
624
_b
WAT-G
100
_a
GARG,SANTOSH KUMAR
245
0
_a
WATER SUPPLY ENGINEERING
250
_a
2ND
260
_a
Khanan Pub
_b
KHANNA PUB
_c
2017
942
_c
BK
999
_c
28544
_d
28544